Polish Conjugation quiz (Być- To be) - Statistics

General Stats
  • This quiz has been taken 50 times
  • The average score is 35 of 36
Answer Stats
Question Tile Select % Correct
ty jest No
100%
my jest No
100%
wy jest No
100%
oni/one jest No
100%
my jestem No
100%
wy jestem No
100%
on/ona/ono jesteś No
100%
my jesteś No
100%
wy jesteś No
100%
ty jesteście No
100%
wy jesteście Yes
100%
ty jesteśmy No
100%
on/ona/ono jesteśmy No
100%
oni/one jesteśmy No
100%
ty No
100%
my No
100%
wy No
100%
on/ona/ono jestem No
98%
ty jesteś Yes
98%
oni/one jesteś No
98%
my jesteście No
98%
oni/one jesteście No
98%
my jesteśmy Yes
98%
wy jesteśmy No
98%
ty jestem No
95%
on/ona/ono jesteście No
95%
oni/one jestem No
93%
ja jesteś No
93%
ja jesteście No
93%
ja jesteśmy No
93%
ja No
93%
oni/one Yes
93%
ja jestem Yes
88%
ja jest No
85%
on/ona/ono jest Yes
85%
on/ona/ono No
85%
No matching quizzes found
Score Distribution
Percent of People with Each Score
Percentile by Number Answered
Your Score History
You have not taken this quiz